| 000 | 00786cam a2200253 4500 | ||
|---|---|---|---|
| 001 | J106253 | ||
| 008 | 000000n1999 000 0 eng u | ||
| 035 | _a(Sirsi) u106253 | ||
| 050 | _a690.231 | ||
| 100 | _aFreeer, Nicholas | ||
| 245 | _aConversion of redundant commercial space to residential use | ||
| 260 |
_aLondon _hBPF _c1999 |
||
| 300 | _aapprox. 66p. ; 30cm. | ||
| 520 | _aA research study conducted for the British Property Federation by the Civic Trust Regeneration Unit and Office for Public Management | ||
| 650 | _aREUSE | ||
| 650 | _aCONVERSIONS | ||
| 650 | _aPROPERTY-COMMERCIAL PROPERTY | ||
| 650 | _aCONSERVATION | ||
| 650 |
_aRESIDENTIAL PROPERTY _96266 |
||
| 690 | _aHOUSING | ||
| 700 | _aLawson, Dominic | ||
| 700 | _aSlater, Miffa | ||
| 942 | _n0 | ||
| 999 |
_c100547 _d100547 |
||